I am special

Bibliographic Details
Corporate Author: Editorial Board
Format: Book
Published: Selangor : EduQuest publisher , 2005
Series:Golden collection
Subjects:

MARC

LEADER 00000cam a2200000 7i4500
001 0000003767
005 20220105103950.0
008 070719
020 |a 9832747899 
090 0 0 |a JP   |b NS ENG (5053) 
245 0 0 |a I am special   |c Editorial Board 
260 |a Selangor :   |b EduQuest publisher ,   |c 2005 
440 0 |a Golden collection 
500 |a Children age 4-6 years old (yellow) 
650 0 |a Junior fiction   |x English   |x Languages 
650 0 |a Rhymes   |x Fiction 
710 0 |a Editorial Board 
999 |a 0000962590   |b Book   |c Children Collection   |e Cawangan Pontian 
999 |a 0000962591   |b Book   |c Children Collection   |e Cawangan Taman Universiti 
999 |a 0000962592   |b Book   |c Children Collection   |e Cawangan Pontian 
999 |a 0000962593   |b Book   |c Children Collection   |e Cawangan Pontian 
999 |a 0000962594   |b Book   |c Children Collection   |e Cawangan Pontian 
999 |a 0000981517   |b Book   |c Children Collection   |e Perbadanan Perpustakaan Awam Johor 
999 |a 0000981519   |b Book   |c Children Collection   |e Perbadanan Perpustakaan Awam Johor 
999 |a 0000981520   |b Book   |c Children Collection   |e Cawangan Sri Merlong 
999 |a 0000981521   |b Book   |c Children Collection   |e Cawangan Segamat